On This Day: October 29th Quiz Stats

 Plays Quiz Updated Oct 29, 2017

Challenge
Share
Tweet
Embed
Score 0/7 Timer 03:00
0 Plays Today
Question Answer Wrong Answers
After 35 years, this nation announces the end of its one-child policy.
2015
China
96%
India
1%
Pakistan
0.7%
Brazil
0.5%
This boxer--who later took the name Muhammad Ali--wins his first professional fight, in Louisville, Kentucky.
1960
Cassius Clay
94.8%
Joe Frazier
1.9%
Rocky Marciano
1%
Larry Holmes
0.9%
______ becomes a republic following the dissolution of the Ottoman Empire.
1923
Turkey
88.6%
Romania
4.9%
Iraq
3.4%
Turkmenistan
2.6%
The United Republic of Tanganyika and Zanzibar is renamed the United Republic of ______.
1964
Tanzania
80.9%
Kenya
3.5%
Uganda
5.7%
Rwanda
8.2%
The Convention of Constantinople is signed, guaranteeing free maritime passage through this canal during both war and peace.
1888
Suez Canal
75.9%
Panama Canal
11.9%
Volga-Don Canal
8.2%
Kiel Canal
3.9%
This American painter and art instructor, best known for creating and hosting ‘The Joy of Painting’ on PBS, is born.
1942
Bob Ross
72.9%
Bill Alexander
6.4%
Fred Rogers
5%
Thomas Kinkade
14.7%
Space Shuttle Discovery blasts off with this 77-year-old astronaut on board, making him the oldest person to go into space.
1998
John Glenn
72%
Alan Shepard
10.6%
Neil Armstrong
4.2%
Buzz Aldrin
11.4%

Today's Daily Dose

You're not logged in!

Compare scores with friends on all Sporcle quizzes.
OR
Log In

You Might Also Like...

Show Comments

Extras

Top Quizzes Today


Score Distribution

Your Account Isn't Verified!

In order to create a playlist on Sporcle, you need to verify the email address you used during registration. Go to your Sporcle Settings to finish the process.

Report this User

Report this user for behavior that violates our Community Guidelines.

Details: